| 000 | 01457nam a22002297a 4500 | ||
|---|---|---|---|
| 999 |
_c63211 _d63211 |
||
| 003 | Ge_BSU | ||
| 005 | 20250630105548.0 | ||
| 008 | 250630s2025 ge ||||| |||| 00| 0 geo d | ||
| 041 | _ageo | ||
| 080 | _a33 მ-25 | ||
| 100 |
_aმამულაძე, გიორგი _925566 |
||
| 245 |
_aსაზღვაო სატრანსპორტო-ლოჯისტიკური სისტემები საერთაშორისო ბიზნესში: თანამედროვე გამოწვევები და განვითარების პერსპექტივები : _bდისერტაცია / _cგიორგი მამულაძე; სამეცნიერო ხელმძღვანელი დავით ქათამაძე; ბსუ. ეკონომიკისა და ბიზნესის ფაკულტეტი. |
||
| 264 |
_aბათუმი, _c2025. |
||
| 300 |
_a179 გვ. ; _b30 სმ. |
||
| 504 | _aბიბლიოგრ. გვ.162-173 | ||
| 653 | _aეკონომიკა | ||
| 653 | _aბიზნესის ადმინისტრირება | ||
| 653 | _aდისერტაცია | ||
| 700 |
_aქათამაძე, დავით _92027 |
||
| 710 |
_aბსუ. _bეკონომიკისა და ბიზნესის ფაკულტეტი. _925567 |
||
| 942 |
_2udc _cDS |
||